| 000 | 004700000a22001930004500 | ||
|---|---|---|---|
| 001 | 000235 | ||
| 003 | MACL | ||
| 005 | 20150826133242.0 | ||
| 008 | 150826b xxu||||| |||| 00| 0 eng d | ||
| 040 |
_aMACL _cMACL |
||
| 041 | _aEnglish | ||
| 082 | _a745.45/GAN | ||
| 100 |
_aGangoly, O.C. _97551 |
||
| 245 |
_aKshitindra Nath Majumdar _cO.C. Gangoly |
||
| 260 |
_aAllahabad _c1995 _bRoopship Prakashan, |
||
| 350 | _a150 | ||
| 650 |
_aDrawing _97454 |
||
| 942 |
_k745 _cBK _2ddc |
||
| 999 |
_c237 _d237 |
||